000 00609cam a2200169 i 4500
020 _a9789086595419 (pbk)
050 0 0 _aHC79
_b.R43 2011
100 1 _aRegeer, Barbara.
245 1 0 _aLicense to grow :
_binnovating sustainable development by connecting values : an insight in the connected value development approach for wicked problems /
_cBarbara Regeer, Sander Mager, Yvonne van Oorsouw.
300 _a275 pages :
500 _a"TransForum & Athena Institute."
650 0 _xEnvironmental aspects.
650 0 _xSocial aspects.
700 1 _aMager, Sander.
700 1 _aOorsouw, Yvonne van.
942 _cGEN
999 _c304
_d304